| 000 | 01687 a2200277 4500 | ||
|---|---|---|---|
| 001 | 127721 | ||
| 020 | _a9788565771023 | ||
| 040 | _cEscola Canadense de Niteroi | ||
| 090 | _aASS | ||
| 100 | _a Assis, Machado de | ||
| 245 | 1 | 0 | _aO casamento da lua: contos de amor |
| 250 | _a1. ed. | ||
| 260 | _aSão Paulo | ||
| 300 |
_a127 p. _c8 x 13.6 x 1 cm |
||
| 362 | 0 | _a2012 | |
| 520 | _aNesta antologia, há meninas que vivem paixões platônicas por primos mais velhos; adolescentes que se encontram e se desencontram ao longo da vida movendo-se pelo sentimento que sentem um pelo outro; mulheres que só aceitam se casar à beira da morte; meninas inocentes que se apaixonam por vigaristas descompromissados; paixões que evidenciam questões raciais; meninos que amam pássaros; um homem que é louco pelo nome de uma mulher; uma certa Lua que se apaixona perdidamente pelo planeta Terra e se torna cada vez mais pálida e avoada; amores frustrados pela timidez, entre demais suspiros e taquicardias. Durante a leitura deste livro, abra o coração e acompanhe as narrativas de estilos variados, escute as vozes de grandes autores.identifique o maior sentimento do mundo nos mais diferentes lugares. o mais universal e onipresente dos sentimentos: acontece em todas as idades, entre pais e filhos, namorados, amigos, entre humanos e animais, e que atire a primeira pedra quem nunca viveu um grande amor. | ||
| 650 | 4 | _aLiteratura Infanto Juvenil | |
| 650 | 4 | _aHistórias Curtas | |
| 650 | 4 | _aRelacionamentos | |
| 650 | 4 | _aAmor | |
| 650 | 4 | _aRomance | |
| 650 | 4 | _aMitos, Fábulas ou Contos | |
| 650 | 4 | _aLiteratura Brasileira | |
| 650 | 4 | _aColetânea | |
| 942 | _cBK | ||
| 999 |
_c127721 _d127721 |
||